000 00823nam a22001815i 4500
001 155963
003 ES-MaACL
005 20230906210252.0
008 980526s1879 sp |||| | spa d
040 _aAS
_bspa
_cAS
110 2 _aInstituto de Enseñanza Media Cardenal Cisneros (Madrid)
_94869
245 1 0 _aBreve noticia histórica del Instituto del Cardenal Cisneros
_b: sucinto extracto de la Reseña histórica y estadística del Establecimiento /
_c[Hemeterio Suaña].
260 _aMadrid :
_b[s.n.],
_c1879 (
_fImp. de Aribau y Cª)
300 _a35, [4] p. ;
_c23 cm.
594 _aAutor tomado del final del texto.
700 1 _aSuaña y Castellet, Hemeterio.
_9132945
852 4 _aES-MaACL
_jT-354-F-4
_z-- Enc. hol.
_z-- Enc. en un vol. facticio
_z. - Dedicatoria manuscrita al Ateneo de: Acisclo F. Vallin
999 _c155963
_d155963